| 000 | 01162nam a2200277Ia 4500 | ||
|---|---|---|---|
| 003 | OSt | ||
| 005 | 20210208114807.0 | ||
| 008 | 191128s1999 sp ao gr 001 0dspa d | ||
| 020 | _a8433905554 | ||
| 040 |
_aCO-JMCR _cCO-JMCR |
||
| 041 | 1 |
_aspa _heng |
|
| 082 | 0 | 4 |
_a660.6 / _bG729b _223 |
| 100 | 1 |
_aGrace, Eric S., _eautor _913122 |
|
| 245 | 1 | 3 |
_aLa biotecnología al desnudo : _bpromesas y realidades / _cEric S. Grace ; traducción de David Sempau |
| 250 | _aSegunda edición | ||
| 260 |
_aBarcelona : _bAnagrama, _c1999 |
||
| 300 |
_a299 páginas : _bilustraciones y fotografías a blanco y negro ; _c22 cm. |
||
| 490 | 0 |
_aColección argumentos ; _v205 |
|
| 500 | _aIncluye datos biográficos del autor, glosario e índice alfabético. | ||
| 505 | 0 | _aEl advenimiento de la biotecnología -- Las herramientas del taller de ingeniería genética -- La biotecnología y el cuerpo -- La biotecnología en la granja -- Biotecnología y medio ambiente | |
| 534 | _pBiotechnology unzipped : promises & realities | ||
| 546 | _aTraducido del inglés | ||
| 650 | 1 | 4 |
_aBiotecnología _913123 |
| 700 | 1 |
_aSempau, David, _etraductor _913124 |
|
| 942 |
_2ddc _cBK |
||
| 999 |
_c4515 _d4515 |
||